Lineamientos del plan de ordenamiento y manejo de la Unidad Ambiental Costera (Pomiuac) río Magdalena, complejo Canal del Dique-sistema lagunar Ciénaga Grande de Santa Marta, sector zona costera del departamento de Bolívar (Registro nro. 9102)
[ vista simple ]
| 000 -CABECERA | |
|---|---|
| Campo de control | 00930nam a22002297a 4500 |
| 005 - FECHA Y HORA DE LA ULTIMA TRANSACCION | |
| Campo de control | 20150320154420.0 |
| 008 - ELEMENTOS DE LONGITUD FIJA—INFORMACION GENERAL | |
| Campo de control | 150320b2014 ck ||||| |||| 00| 0 spa d |
| 020 ## - ISBN | |
| ISBN | 9789588448855 |
| 040 ## - FUENTE DE CATALOGACIÓN | |
| Agencia catalogadora original | CO-BoIAvH |
| Agencia transcriptora | CO-BoIAvH |
| 041 ## - IDIOMA | |
| Código de idioma para texto/pista de sonido o título separado | Español |
| 044 ## - PAÍS DE PUBLICACIÓN | |
| País de publicación | Colombia |
| 082 04 - NUMERO DE CLASIFICACION DECIMAL DEWEY | |
| Número de clasificación | 346.045 |
| Número del ítem | L75l |
| 245 00 - MENCION DE TITULO | |
| Título | Lineamientos del plan de ordenamiento y manejo de la Unidad Ambiental Costera (Pomiuac) río Magdalena, complejo Canal del Dique-sistema lagunar Ciénaga Grande de Santa Marta, sector zona costera del departamento de Bolívar |
| 260 ## - PUBLICACION, DISTRIBUCION, ETC. (PIE DE IMPRENTA) | |
| Lugar de publicación, distribución, etc. | Santa Marta: |
| Nombre del editor, distribuidor, etc. | Invemar, |
| -- | Cardique, |
| Fecha de publicación, distribución, etc. | 2014. |
| 300 ## - DESCRIPCION FISICA | |
| Extensión | 100 p. |
| Otros detalles físicos | tablas, mapas |
| Dimensiones | 29 cm. |
| 490 ## - MENCION DE SERIE | |
| Mención de serie | Publicaciones Generales del Invemar |
| Designación numérica/secuencial del volumen | No. 74 |
| 650 #5 - ASIENTO SECUNDARIO DE MATERIA - TERMINO TEMATICO | |
| Término temático o nombre geográfico como elemento de entrada | Ordenamiento territorial |
| Subdivisión general | zonas costeras |
| Subdivisión geográfica | Colombia |
| 9 (RLIN) | 33642 |
| 650 #5 - ASIENTO SECUNDARIO DE MATERIA - TERMINO TEMATICO | |
| Término temático o nombre geográfico como elemento de entrada | Zonificación ambiental |
| Subdivisión geográfica | Colombia |
| 9 (RLIN) | 33643 |
| 650 #5 - ASIENTO SECUNDARIO DE MATERIA - TERMINO TEMATICO | |
| Término temático o nombre geográfico como elemento de entrada | Pomiuac |
| 9 (RLIN) | 33640 |
| 651 ## - ASIENTO SECUNDARIO DE MATERIA - NOMBRE GEOGRAFICO | |
| Nombre geográfico | Colombia. |
| Subdivisión geográfica | Ciénaga Grande (Santa Marta) |
| 9 (RLIN) | 33644 |
| 942 ## - ELEMENTOS ADICIONALES (KOHA) | |
| Sistema de clasificación | Dewey Decimal Classification |
| Tipo de ítem | Libro |
| Withdrawn status | Lost status | Sistema de Clasificación | Damaged status | No para préstamo | Colección | Inventariado | Ubicación Permanente | Ubicación actual | Fecha de adquisición | Fuente de Valor | Valor | Total Checkouts | Número topográfico | Inventario / Código de Barras | Date last seen | Ejemplar | Price effective from | Forma de adquisición | Tipo de material |
|---|---|---|---|---|---|---|---|---|---|---|---|---|---|---|---|---|---|---|---|
| Dewey Decimal Classification | General | Inventariado 2017 | Bogotá | Bogotá | 20/03/2015 | Instituto | 39000.00 | LB-346.045 L75l | 038969 | 20/03/2015 | Ej. 1 | 20/03/2015 | Canje | Libro | |||||
| Local | Recursos electrónicos | Bogotá | Bogotá | 20/03/2015 | MM-00400 | 038970 | 20/03/2015 | Ej. 2 | 20/03/2015 | Canje | CD-ROM |